00365 a2200145 450000100060000002000150000604000240002110000300004524000470007524500420012230000070016436200090017144000080018065000310018870867 a853223285X cAnchieta - Itaigara aTexeira,Martins Rodrigues10aMatemática em mil e uma históriaslpor10aMatemática em mil e uma histórias a240 a1999 1aFTD 4aLiteratura infanto-juvenil